| 000 | 004590000a22001930004500 | ||
|---|---|---|---|
| 001 | 002716 | ||
| 003 | MACL | ||
| 005 | 20151202141826.0 | ||
| 008 | 151202b xxu||||| |||| 00| 0 eng d | ||
| 040 |
_aMACL _cMACL |
||
| 041 | _aEnglish | ||
| 082 | _a741.642 | ||
| 100 |
_aUberoi, Meera _98838 |
||
| 245 |
_aThe Monkey And The Demon _cMeera Uberoi |
||
| 260 |
_aLadybird, _c2005 |
||
| 350 | _a50 | ||
| 650 |
_aChildren's Book _919067 |
||
| 942 |
_k742 _cBK _2ddc |
||
| 999 |
_c14625 _d14625 |
||